Market report on Chile.
| Format: | Book |
|---|---|
| Published: |
Wanchai:
Hong Kong Trade Development Council,
1991.
|
| Subjects: |
| LEADER | 00420cam a2200157 7i4500 | ||
|---|---|---|---|
| 001 | 0000003005 | ||
| 005 | 19991025090000.0 | ||
| 002 | ##000004322 | ||
| 020 | 0 | 0 | |a T000004029 |
| 090 | 0 | 0 | |a C 983 |b MAR |
| 245 | 0 | 0 | |a Market report on Chile. |
| 260 | 0 | 0 | |a Wanchai: |b Hong Kong Trade Development Council, |c 1991. |
| 300 | 0 | 0 | |a 31p. |
| 650 | 0 | 0 | |a Market surveys |
| 651 | 0 | 0 | |a Chile |
| 999 | |a 0000004896 |b Book |c Open shelf |e Business Information Centre | ||